|
|
|
|
| LEADER |
01088nam a2200301 a 4500 |
| 001 |
AAL 53 |
| 003 |
BD-DhAAL |
| 005 |
20160209173912.0 |
| 008 |
150208s1990 nyua b 001 0 eng |
| 010 |
|
|
|a 88063037
|
| 020 |
|
|
|a 031201886X
|
| 040 |
|
|
|a DLC
|c DLC
|d DLC
|d BD-DhAAL
|
| 050 |
0 |
0 |
|a JK274
|b .A564 1990
|
| 082 |
0 |
0 |
|a 361.6/1/0973
|2 20
|
| 999 |
|
|
|c 33612
|d 33612
|
| 999 |
|
|
|c 33612
|
| 245 |
0 |
0 |
|a American public policy :
|b an introduction /
|c Clarke E. Cochran ... [et al.].
|
| 250 |
|
|
|a 3rd ed.
|
| 260 |
|
|
|a New York, NY :
|b St. Martin's Press,
|c c1990.
|
| 300 |
|
|
|a xvi, 496 p. :
|b ill. ;
|c 24 cm.
|
| 504 |
|
|
|a Includes bibliographical references and index.
|
| 541 |
|
|
|e 53
|
| 651 |
|
0 |
|a United States
|x Politics and government.
|9 8078
|
| 651 |
|
0 |
|a United States
|x Economic policy.
|9 8079
|
| 651 |
|
0 |
|a United States
|x Social policy.
|9 7761
|
| 700 |
1 |
|
|a Cochran, Clarke E.,
|d 1945-
|9 8080
|
| 942 |
|
|
|2 ddc
|c BK
|
| 952 |
|
|
|0 0
|1 0
|2 ddc
|4 0
|6 361_610973000000000_COC
|7 0
|9 52503
|a SCL
|b SCL
|c GEN
|d 2015-02-08
|e Gift: The Asia Foundation
|l 0
|o 361.610973 COC
|p 3020000053
|r 2015-02-08
|t 1
|w 2015-02-08
|y BK
|